| 000 -LEADER |
| fixed length control field |
00397cas a2200157 4500 |
| 022 0# - INTERNATIONAL STANDARD SERIAL NUMBER |
| ISSN |
0012-1797 |
| 040 ## - CATALOGING SOURCE |
| Transcribing agency |
MUL |
| 082 1# - DEWEY DECIMAL CLASSIFICATION NUMBER |
| Classification number |
616 DIA 2005 C101 Or. |
| 245 00 - TITLE STATEMENT |
| Title |
Diabetes |
| 300 ## - PHYSICAL DESCRIPTION |
| Number of Pages |
volumes : |
| Other physical details |
illustrations, portraits, diags. ; |
| Dimensions |
29 cm |
| 520 ## - SUMMARY, ETC. |
| Summary, etc |
Includes abstracts |
| 650 #0 - SUBJECT ADDED ENTRY--TOPICAL TERM |
| Topical Term |
Diabetes |
| 650 #2 - SUBJECT ADDED ENTRY--TOPICAL TERM |
| Topical Term |
Diabetes Mellitus. |
| 710 2# - ADDED ENTRY--CORPORATE NAME |
| Corporate name or jurisdiction name as entry element |
American Diabetes Association. |
| 942 ## - ADDED ENTRY ELEMENTS (KOHA) |
| Koha item type |
ADB |
| 952 ## - LOCATION AND ITEM INFORMATION (KOHA) |
| Withdrawn status [LOCAL, KOHA] |
0 |
| 952 ## - LOCATION AND ITEM INFORMATION (KOHA) |
| Withdrawn status [LOCAL, KOHA] |
0 |